Platební karty v roce pět

Bezhotovostné platenie v ČR. História platobných kariet. Druhy platobných kariet v ČR. Výhody platobných kariet. Sieť bankomatov v ČR. Zoznam členov Združenia pre bankové karty v ČR. Svetové spoločnosti, špecializujúce sa na platobné karty. Prepojenie českých bánk na svetové spoločnosti v oblasti be...

Descrizione completa

Salvato in:
Dettagli Bibliografici
Autore principale: Machala, Karel
Natura: Capitolo di libro
Lingua:ceco
Soggetti:
Tags: Aggiungi Tag
Nessun Tag, puoi essere il primo ad aggiungerne!!

MARC

LEADER 00000naa a2200000 4500
001 r019476
005 20221205102836.9
041 0 |a cze 
044 |a CZ 
245 1 0 |a Platební karty v roce pět  |c K. Machala 
520 |a Bezhotovostné platenie v ČR. História platobných kariet. Druhy platobných kariet v ČR. Výhody platobných kariet. Sieť bankomatov v ČR. Zoznam členov Združenia pre bankové karty v ČR. Svetové spoločnosti, špecializujúce sa na platobné karty. Prepojenie českých bánk na svetové spoločnosti v oblasti bezhotovostného styku. 
610 2 0 |a styk platobný bezhotovostný 
610 2 0 |a karty platobné 
610 2 0 |a bankomaty 
610 2 0 |a banky 
610 2 0 |a služby bankové 
610 2 0 |a svet 
610 2 0 |a história 
610 2 0 |a Česko 
100 1 |a Machala, Karel